| 000 | 00636nam a2200205Ia 4500 | ||
|---|---|---|---|
| 003 | OSt | ||
| 005 | 20230925110316.0 | ||
| 008 | 210210b1995 xxu||||| |||| 00| 0 eng d | ||
| 040 | _cAL | ||
| 041 | _aKannada | ||
| 082 | _aK894.9 KALK | ||
| 100 |
_aKALABURGI (M M). _dಎಂ.ಎಂ.ಕಲಬುರ್ಗಿ _9135076 |
||
| 245 |
_aKannada granthasampadanashastra. _bಕನ್ನಡ ಗ್ರಂಥ ಸಂಪಾದನಾ ಶಾಸ್ತ್ರ |
||
| 260 |
_aDharavada _bSamaja Pustakalalya _c1995 |
||
| 300 | _a215 | ||
| 650 |
_aGranthasampadane _9135077 |
||
| 690 |
_aKannada Criticism _9135078 |
||
| 906 | _a058999 | ||
| 942 |
_2ddc _cBK |
||
| 999 |
_c106366 _d106366 |
||